000 01127cam a2200301 a 4500
001 1172287
003 ARRUPE
005 20131126165744.0
008 960802s1996 ohu b 000 0 eng
010 _a 96176225
020 _a0867162384
040 _aDLC
_cDLC
_dWaU
050 0 0 _aBX4700
_b.F6B61
100 1 _aBodo, Murray.
_94027
245 1 2 _aA retreat with Francis and Clare of Assisi :
_bfollowing our pilgrim hearts /
_cMurray Bodo and Susan Saint Sing.
246 1 4 _aRetreat with Francis & Clare of Assisi
260 _aCincinnati, Ohio :
_bSt. Anthony Messenger Press,
_c[c1996]
300 _aix, 93 p. ;
_c22 cm.
440 2 _aA retreat with-- series
_94028
504 _aIncludes bibliographical references (p. 91-93).
600 0 0 _aFrancis,
_cof Assisi, Saint,
_d1182-1226.
_94029
600 0 0 _aClare,
_cof Assisi, Saint,
_d1194-1253.
_94030
650 0 _aSpiritual retreats
_xCatholic Church.
_94031
700 2 _aSaint Sing, Susan.
_94032
906 _a7
_bcbc
_corignew
_d2
_encip
_f19
_gy-gencatlg
942 _2lcc
_cMONOGRAPH
999 _c118732
_d118732